Postcolonial whiteness: a critical reader on race and empire (Record no. 4498)

MARC details
000 -LEADER
fixed length control field 00485nam a2200181Ia 4500
020 ## - INTERNATIONAL STANDARD BOOK NUMBER
ISBN 0-7914-6361-3
082 ## - DEWEY DECIMAL CLASSIFICATION NUMBER
Classification number 305.8 POS-
245 #0 - TITLE STATEMENT
Title Postcolonial whiteness: a critical reader on race and empire
260 ## - PUBLICATION, DISTRIBUTION, ETC. (IMPRINT)
Place of publication Albany
Name of publisher State University of New York Press
Year of publication 2005
300 ## - PHYSICAL DESCRIPTION
Number of Pages x, 261
504 ## - BIBLIOGRAPHY, ETC. NOTE
Bibliography, etc includes index
650 ## - SUBJECT ADDED ENTRY--TOPICAL TERM
Topical Term Indigenous peoples
650 ## - SUBJECT ADDED ENTRY--TOPICAL TERM
Topical Term Racism
650 ## - SUBJECT ADDED ENTRY--TOPICAL TERM
Topical Term White
Form subdivision Race identity
650 ## - SUBJECT ADDED ENTRY--TOPICAL TERM
Topical Term Postcolonialism
700 ## - ADDED ENTRY--PERSONAL NAME
Personal name Lopez, Alfred J.
942 ## - ADDED ENTRY ELEMENTS (KOHA)
Koha item type Books
Holdings
Withdrawn status Lost status Damaged status Not for loan Home library Current library Date acquired Source of acquisition Bill Date Full call number Accession Number Price effective from Koha item type
        NASSDOC Library NASSDOC Library 10/01/2006 SEGM 2005-09-27 305.8 POS- 41199 18/04/2019 Books